00485nam a22001817a 4500003000500000005001700005008004100022010001000063011001000073035001000083040000900093082001500102100001900117245007100136260006200207300001100269650002300280CHAP20220329134723.0971013s1961 us r 00010 spa d a24780 a25752 a29852 cCHAP00a332.15bB700aBroide, Julio.1 aBanco Interamericano de Desarrollo ; sus antecedentes y creación aWashington :bBanco Interamericano de Desarrollo,c(1961) a160 p.14aBancos de fomento.